000 00720nam a22001577a 4500
005 20260512122256.0
008 260512b |||||||| |||| 00| 0 eng d
050 _aTHE GE 195 .K35 2026
_bC.1
100 _aKakai, Robert Simiyu
245 _aAnthropogenic Practices Influencing the Sustainability of Household Livelihoods Surrounding Mount Elgon Forest Reserve, Bungoma County, Kenya.
260 _aKisii
_bKisii University
_c2026
300 _axviii, 228p.:ill.
500 _aIncludes bibliographical references
650 _a1. Environmental degradation - Kenya - Mount Elgon Region. 2. Sustainable development - Kenya - Households. 3. Forests and foerstry - Kenya - Mount Elgon Forest Reserve.
942 _2lcc
_cREF
999 _c217115
_d217115